书目信息 |
| 题名: |
海疆开发史话
|
|
| 作者: | 安京 著 | |
| 分册: | ||
| 出版信息: | 北京 中国大百科全书出版社 2000 |
|
| 页数: | 180页 | |
| 开本: | 19cm | |
| 丛书名: | 中华文明史话 | |
| 单 册: | ||
| 中图分类: | K928.19 , Z1 | |
| 科图分类: | ||
| 主题词: | 海疆--简介--中国 , 丛书 | |
| 电子资源: | ||
| ISBN: | 7-5000-6340-7 | |
| 000 | 00861oam2 2200265 450 | |
| 001 | 1552385617 | |
| 005 | 20151111140247.65 | |
| 010 | @a7-5000-6340-7@dCNY10.00 | |
| 100 | @a20001009d2000 em y0chiy0110 ea | |
| 101 | 0 | @achi |
| 102 | @aCN@b110000 | |
| 105 | @afb z 000yd | |
| 200 | 1 | @a海疆开发史话@9hai jiang kai fa shi hua@f安京著 |
| 210 | @a北京@c中国大百科全书出版社@d2000 | |
| 215 | @a180页@c地图及照片@d19cm | |
| 225 | 2 | @a中华文明史话 |
| 330 | @a本书讲述了秦皇汉武开疆拓土的史实、著名海上丝绸之路的形成、郑和七下西洋的壮举,重点介绍了沿海各港口及台湾、南海诸岛的开发史,对中国海域的丰富物产和近代海军的建设也作了介绍。 | |
| 461 | 0 | @12001 @a中华文明史话 |
| 606 | 0 | @a海疆@x简介@y中国 |
| 606 | 0 | @a丛书 |
| 690 | @aK928.19@v5 | |
| 690 | @aZ1@v4 | |
| 701 | 0 | @a安京@9an jing@4著 |
| 801 | 0 | @aCN@bTSSF@c20150121 |
| 905 | @aZUCC@dZ1@eJY27:61 | |
| 海疆开发史话/安京著.-北京:中国大百科全书出版社,2000 |
| 180页:地图及照片;19cm.-(中华文明史话) |
| ISBN 7-5000-6340-7:CNY10.00 |
| 本书讲述了秦皇汉武开疆拓土的史实、著名海上丝绸之路的形成、郑和七下西洋的壮举,重点介绍了沿海各港口及台湾、南海诸岛的开发史,对中国海域的丰富物产和近代海军的建设也作了介绍。 |
| ● |
| 相关链接 |
|
|
|
|
正题名:海疆开发史话
索取号:Z1/JY27:61
 
预约/预借
| 序号 | 登录号 | 条形码 | 馆藏地/架位号 | 状态 | 备注 |
| 1 | 7840146 | 278401463 | 学院路分馆/ [索取号:Z1/JY27:61] | 在馆 | |
| 2 | 7840288 | 278402881 | 学院路分馆/ [索取号:Z1/JY27:61] | 在馆 | |
| 3 | 7840289 | 278402890 | 学院路分馆/ [索取号:Z1/JY27:61] | 在馆 | |
| 4 | 7840290 | 278402907 | 学院路分馆/ [索取号:Z1/JY27:61] | 在馆 |